Normal view
MARC view
- Bibi, Naseeha
Entry Personal Name
001 - CONTROL NUMBER
- control field: 125508
003 - CONTROL NUMBER IDENTIFIER
- control field: NUST
005 - DATE AND TIME OF LATEST TRANSACTION
- control field: 20240829130153.0
008 - FIXED-LENGTH DATA ELEMENTS
- fixed length control field: 240829|| aca||aabn | a|a d
040 ## - CATALOGING SOURCE
- Original cataloging agency: NUST
- Transcribing agency: NUST
100 ## - HEADING--PERSONAL NAME
- Personal name: Bibi, Naseeha
670 ## - SOURCE DATA FOUND
- Source citation: Work cat.: (NUST): Bibi, Naseeha, Development of a cross-strain effective vaccine against H. influenzae strains using In-silico and In-vivo Approaches/
